Регионална библиотека "Любен Каравелов" - Русе

Портрети (Запис номер 342491)

MARC детайли
000 -Лидер
Контролно поле с фиксирана дължина 01081nam a2200289 c 4500
003 - Код на организацията, давaща контролен номер
Контролно поле BLK
005 - Дата и час на последна редакция
Контролно поле 20190913121202.0
008 - Елементи от данни с фиксирана дължина
fixed length control field 180911b bul|||||r ||||||| ||bul||
010 ## - Наследен системен номер
LC control number 002130
040 ## - Източник на каталожния запис
Идентификатор на билиотеката - собственик на записа BLK
041 ## - Код за език
Код за езика на текст/звукозапис или на отделно заглавие Български
080 ## - УДК
Текстов определител УДК Сборник
УДК определител 92
УДК - код + определител 886.7(092)92
100 1# - Редна дума - Автор
Автор РАДОСЛАВОВ, Иван
Авторска отговорност първи автор
245 00 - Сведения за заглавието
Заглавие Портрети
246 ## - Различни форми на заглавието
Паралелно заглавие Т. Траянов, Т. Кунев, Д. Дебелянов, Хр. Ясенов, Н. Лилиев, Ем. Попдимитров, Л. Стоянов
260 ## - Област на издателските данни
Място на издаване, разпространение и проч. София
Име на издателя, разпространителя и проч. печ. Напред
Година на издаване 1927
300 ## - Физическа характеристика
Страници 56 с
Илюстрации и др. с портр.
Размери/Мащаб 17 см
380 ## - Жанр
Жанр Литературознание
490 ## - СЕРИИ (Колекции)
Име на серия Частна колекция - Академик Михаил Арнаудов
Бележки за серията Дарение - Основен фонд
650 #4 - Допълнително описание по предмет – тема
Основно описание – тема или топоним български биографии
650 ## - Допълнително описание по предмет – тема
Основно описание – тема или топоним Сборници
650 ## - Допълнително описание по предмет – тема
Основно описание – тема или топоним Критика
655 ## - Ключова дума – жанр/разновидност
Данни за жанр/разновидност или ключова дума за фокус българско литературознание
700 1# - Други автори (авторска отговорност)
Лично име Иван Радославов
852 ## - Местоположение
Форматна сигнатура МА 1378
942 ## - АРТИКУЛИ
Вид на библиотечния материал Книги
Скрит в OPAC Не
944 ## - СЪЗДАВАНЕ И РЕДАКЦИЯ на ЗАПИСА
Създаване/Редакция Създаване
Дата на регистрацията/редакция 1996
Служител, извършил регистрацията/редакцията ValK
999 ## - СИСТЕМНИ КОНТРОЛНИ НОМЕРА
Koha biblionumber 342491
Koha biblioitemnumber 342491
Наличности
Код за отписване Код за изгубен артикул Източник на класификационната схема Код за повреда Коз за рестрикции Код за отдаване Артикулен № Име на библиотеката - собственик Име на библиотеката, в която се намира в момента Статус (Текущо местоположение) Местоположение - отдел Цена в лева Номерация (Хронология) Инвентарен номер Систематично азбучна сигнатура Баркод Номер на екземпляра Цена в евро Служебен тип на артикула
  Не е изгубен Universal Decimal Classification Не е повреден без рестрикции Специални фондове ( старопечатни, редки и ценни, фонд М. Арнаудов) 742553 Регионална библиотека "Любен Каравелов" Русе Регионална библиотека "Любен Каравелов" Русе Фонд "Михаил Арнаудов" Фонд "Михаил Арнаудов" 15.00   588990 МА 1378 120000588990 1 7.67 Книги
Vip Innovations Ltd, Rousse, Bulgaria 2025